Vista general de Madrid Villa [ (Record no. 173634)

MARC details
000 -LEADER
campo de control de longitud fija 01585nem a2200289 i 4500
001 - NÚMERO DE CONTROL
campo de control 173634
003 - IDENTIFICADOR DE NÚMERO DE CONTROL
campo de control ES-MaACL
005 - FECHA Y HORA DE LA ÚLTIMA TRANSACCIÓN
campo de control 20250624193614.0
007 - CAMPO FIJO DE DESCRIPCIÓN FÍSICA--INFORMACIÓN GENERAL
campo de control de longitud fija ajrcafzn
008 - DATOS DE LONGITUD FIJA--INFORMACIÓN GENERAL
campo de control de longitud fija 091218r19921830sp a | l| | ||spa d
080 ## - NÚMERO DE LA CLASIFICACIÓN DECIMAL UNIVERSAL
Número de la Clasificación Decimal Universal (460.27 Madrid)
130 0# - ENTRADA PRINCIPAL--TÍTULO UNIFORME
Título uniforme Madrid.
Subencabezamiento de forma Planos de población (
Fecha de la firma de un tratado 1830).
Fecha de publicación/de la obra 1992.
9 (RLIN) 160427
245 10 - MENCIÓN DEL TÍTULO
Título Vista general de Madrid Villa [
Medio Material cartográfico]
Resto del título : tal y como aparecía en el año de 1830 reinando en España S.S.M.M. D. Fernando VII y su esposa Dª Mª Cristina... /
Mención de responsabilidad, etc. Esta vista de Madrid ha sido realizada a partir del modelo original de D. León Gil de Palacio, brigadier... ; Lo concibieron y dibujaron en Caligrama D. José Ramón Alvarado, D. Pedro Magaz y D. Federico Manzarbeitia.
255 ## - DATOS MATEMÁTICOS CARTOGRÁFICOS
Mención de escala Escala [ca. 1:1.600]. 500 varas castellanas [= 25,5 cm].
260 ## - PUBLICACIÓN, DISTRIBUCIÓN, ETC.
Lugar de publicación, distribución, etc. Madrid :
Nombre del editor, distribuidor, etc. Concejalía de Cultura,
Fecha de publicación, distribución, etc. D.L. 1992.
300 ## - DESCRIPCIÓN FÍSICA
Extensión 1 plano en 20 h. ;
Dimensiones cada h. de 49,5 x 62,5 cm.
507 ## - NOTA DE ESCALA PARA MATERIAL GRÁFICO
Nota de escala o de fracción representativa Escala expresada también en pies.
592 ## -
-- Cultivos y arbolado representados. - En el ángulo inferior izquierdo nomenclátor, sobre éste vistas de monumentos y edificios importantes.
595 ## -
-- Plano basado en la maqueta realizada por León Gil en 1830 y que se conserva en el Museo Municipal de Madrid.
599 ## - NOTA A LAS ILUSTRACIONES
NOTA A LAS ILUSTRACIONES Escudos de España y de Madrid unidos por una corona.
700 1# - ENTRADA AGREGADA--NOMBRE PERSONAL
Nombre de persona Gil de Palacio, León,
Fechas asociadas al nombre 1778-1849
9 (RLIN) 160428
700 1# - ENTRADA AGREGADA--NOMBRE PERSONAL
Nombre de persona Alvarado, José Ramón.
9 (RLIN) 160429
700 1# - ENTRADA AGREGADA--NOMBRE PERSONAL
Nombre de persona Magaz, Pedro.
9 (RLIN) 160430
700 1# - ENTRADA AGREGADA--NOMBRE PERSONAL
Nombre de persona Manzarbeitia, Federico.
9 (RLIN) 160431
852 ## - LOCALIZACIÓN
Ubicación ES-MaACL
Número de control de estantería GF-98
Holdings
Estatus retirado Estado de pérdida Estado de daño No para préstamo Biblioteca de origen Biblioteca actual Ubicación en estantería Fecha de adquisición Total de préstamos Signatura topográfica completa Código de barras Visto por última vez Precio de reemplazo Tipo de ítem Koha
        Biblioteca del Ateneo de Madrid Biblioteca del Ateneo de Madrid Depósito 2 18/12/2009   GF-98 1182214 23/02/2023 23/02/2023 Mapa